Statistics for Countries That Speak Turkic Languages

Click here to take the quiz!

General Stats

  • This quiz has been taken 140 times
  • The average score is 7 of 7

Answer Stats

LanguageCountry% Correct
TurkishTurkey
100%
AzerbaijaniAzerbaijan
99%
KazakhKazakhstan
99%
KyrgyzKyrgyzstan
99%
TurkmenTurkmenistan
99%
UzbekUzbekistan
99%
TurkishCyprus
87%

Score Distribution

Percentile by Number Answered

Percent of People with Each Score

Your Score History

You have not taken this quiz